| 000 -LEADER |
| fixed length control field |
01380pab a2200157 454500 |
| 008 - FIXED-LENGTH DATA ELEMENTS--GENERAL INFORMATION |
| fixed length control field |
180718b1997 xxu||||| |||| 00| 0 eng d |
| 100 ## - MAIN ENTRY--PERSONAL NAME |
| Personal name |
Gregory, Robert |
| 245 ## - TITLE STATEMENT |
| Title |
The peculiar tasks of public management: toward conceptual discrimination |
| 260 ## - PUBLICATION, DISTRIBUTION, ETC. |
| Date of publication, distribution, etc. |
1997 |
| 300 ## - PHYSICAL DESCRIPTION |
| Extent |
p.41-63 |
| 362 ## - DATES OF PUBLICATION AND/OR SEQUENTIAL DESIGNATION |
| Dates of publication and/or sequential designation |
Jul-Sep |
| 520 ## - SUMMARY, ETC. |
| Summary, etc. |
Recent contributions to AJPA have suggested new conceptual directions for public management in response to the stand-off between managerialists and their critics. In emphasising the inherent political dimensions of public management, this article seeks to build on these contributions. It does so by combining some of the insights of previous contributors with a simple matrix devised originally by American scholar James Q Wilson. The central proposition is that attempts to render public management more like private management have been too far-reaching, and do not adequately appreciate the intractable difficulties that stem from the types of task that are peculiar to public organisations. It is suggested that there should be less reliance on dubious metaphors borrowed from the business domain. Instead, a greater degree of theoretical eclecticism and conceptual discrimination should be used in understanding and developing public management. - Reproduced |
| 650 ## - SUBJECT ADDED ENTRY--TOPICAL TERM |
| Topical term or geographic name entry element |
Public administration |
| 773 ## - HOST ITEM ENTRY |
| Main entry heading |
Management in Government |
| 909 ## - |
| -- |
37069 |